|
|
|
|
| LEADER |
00000nab a2200000 a 4500 |
| 001 |
vtls000579903 |
| 003 |
SK-MaSNL |
| 005 |
20260426081033.0 |
| 008 |
250425c1995 xo 0 slo |
| 015 |
|
|
|a SNBRB19rr/mm-uuuuu
|
| 035 |
|
|
|a CL0580041
|
| 035 |
|
|
|a urn:nbn:sk:snk-ab6rt2
|
| 035 |
|
|
|a (uuid)d4f02b3e-83f3-4c6e-b758-1434892521b9
|
| 035 |
|
|
|a (urnnbn)urn:nbn:sk:snk:ar-a05h95
|
| 035 |
|
|
|a (sysno)vtls000579903
|
| 040 |
|
|
|a SNKBUCL
|b slo
|c SNKBUCL
|e AACR2
|
| 041 |
0 |
|
|a slo
|
| 044 |
|
|
|a xo
|c SK
|
| 080 |
|
|
|a 37.014.54
|2 1981
|
| 100 |
1 |
|
|a Benčo, Jozef,
|d 1938-2013
|4 aut
|9 101359
|
| 245 |
1 |
0 |
|a Smery vývoja financovania vzdelávania u nás a vo svete
|c Jozef Benčo
|
| 300 |
|
|
|b Tab. 3, res. angl., lit. 8 zázn. v angl., slov.
|
| 650 |
0 |
7 |
|a vzdelávanie
|2 snkbucl
|9 4033
|
| 655 |
|
7 |
|a články z novín a časopisov
|2 snkbucl
|9 267496
|
| 773 |
0 |
|
|t Ekonomický časopis
|g Roč. 43, č. 11 (1995), s. 803-815
|x 0013-3035
|
| 850 |
|
|
|a Slovenská národná knižnica
|
| 852 |
|
|
|a Slovenská národná knižnica
|
| 954 |
|
|
|a odborná, vedecká literatúra pôvodná (slovenská)
|2 lita
|
| 958 |
|
|
|a article27
|
| 958 |
|
|
|a NB
|
| 958 |
|
|
|a RK
|
| 958 |
|
|
|a OND
|
| 958 |
|
|
|a EUIPO
|
| 992 |
|
|
|a RBX
|
| 999 |
|
|
|c 2829448
|d 2831378
|